| 000 | 00470nam a2200169 a 4500 | ||
|---|---|---|---|
| 001 | 5667 | ||
| 003 | CO-ViMGA | ||
| 008 | 141112s2004 ck r 000 u spa d | ||
| 040 |
_aCO-ViMGA _bspa _cCO-ViMGA |
||
| 082 | 0 | 4 | _a362.5 B152p |
| 100 | 1 |
_aBanco Mundial _94090 |
|
| 245 | 1 | 0 |
_aLa pobreza en colombia : _bun estudio del banco mundial |
| 260 |
_aSantafé de Bogotá : _bTercer MUndo, _c1996 |
||
| 300 | _a340 p | ||
| 650 | 1 | 4 |
_aPOBREZA - COLOMBIA _94091 |
| 942 |
_2ddc _cBK |
||
| 999 |
_c17648 _d17648 |
||